000 00479nam a22001937a 4500
003 CEME
005 20210628202239.0
008 210115b xxu||||| |||| 00| 0 eng d
020 _a9780070499447
040 _c.
082 _a621.392 PER
100 _aPerry, Douglas L
_958989
245 _aVhdl programming by example
250 _a4TH
260 _aINDIA
_bMCGRAW HILL
_c2002
300 _aXVII, 476P
650 _aVHDL PROGRAMMING BY EXAMPLE
_958990
942 _cBK
_2ddc
999 _c569049
_d569049